Tilastot visalle YK:n viralliset kielet

Klikkaa tästä pelataksesi tätä visaa!

Yleistilastot

  • Tätä visaa on pelattu 719 kertaa
  • Keskiarvotulos 5 / 6

Vastaustilastot

Kieli% Oikein
Englanti
99%
Espanja
94%
Ranska
92%
Kiina
87%
Venäjä
81%
Arabia
71%

Tulosjakauma

Persentiili vastausten määrän mukaan

Jokaisen tuloksen saaneiden osuus

Tuloshistoriasi

Et ole pelannut tätä visaa